000 00749nam a2200265Ia 4500
003 OSt
005 20221006150938.0
006 a|||||r|||| 00| 0
007 ta
008 221006b |||||||| |||| 00| 0 jpn d
020 _c¥4500 (each)
024 _a20,303
037 _bGift, Japan Foundation
_cTextual
040 _aEASL
_cEASL
_bjpn
041 _2jpn
_ajpn
082 _aX8(M7:1).42.N20, M3.
100 _aTAKAMURA Naosuke
_9657944
245 0 _aNihon boseki gyoshi yosetsu. 2 Vols.
260 _aTokyo
_bKoshobo Japan
_c1983
300 _a352+290p.
_ccm.
490 _v JL
650 _aJL
942 _hX8(M7:1).42.N20, M3.
_cTEXL
_2CC
999 _c1088389
_d1088389